Online
Catalog

Sobre la literatura y el arte / (Record no. 2713)

MARC details
000 -CABECERA
campo de control de longitud fija 00972nam a2200241 a 4500
001 - NÚMERO DE CONTROL
campo de control 000002879
005 - FECHA Y HORA DE LA ÚLTIMA TRANSACCIÓN
campo de control 20210409103434.0
008 - DATOS DE LONGITUD FIJA--INFORMACIÓN GENERAL
campo de control de longitud fija 830303s1946 ag 000 0 spa
040 ## - FUENTE DE LA CATALOGACIÓN
Centro catalogador/agencia de origen DO-SdBNP
Lengua de catalogación spa
Centro/agencia transcriptor BNPHU
082 ## - NÚMERO DE LA CLASIFICACIÓN DECIMAL DEWEY
Número de clasificación 701
Número de documento/Ítem M392s
100 1# - ENTRADA PRINCIPAL--NOMBRE DE PERSONA
Nombre de persona Marx, Carlos,
Información miscelánea [Marx, Karl]
Fechas asociadas al nombre 1818-1883.
9 (RLIN) 9147
245 10 - MENCIÓN DE TÍTULO
Título Sobre la literatura y el arte /
Mención de responsabilidad, etc. Carlos Marx y Federico Engels; traductor, Pedro Peralta.
260 ## - PUBLICACIÓN, DISTRIBUCIÓN, ETC.
Lugar de publicación, distribución, etc. Buenos Aires :
Nombre del editor, distribuidor, etc. Calomino,
Fecha de publicación, distribución, etc. 1946.
300 ## - DESCRIPCIÓN FÍSICA
Extensión 236 p. ;
Dimensiones 18 cm.
490 1# - MENCIÓN DE SERIE
Mención de serie Biblioteca de Cultura Integral
500 ## - NOTA GENERAL
Nota general "Selección de textos ... básicamente conforme a la presentada al lector francés en 1954 ... bajo el título de: Sur la literature et l'art. Textes choisis."
650 #4 - PUNTO DE ACCESO ADICIONAL DE MATERIA--TÉRMINO DE MATERIA
Término de materia o nombre geográfico como elemento de entrada Arte y literatura
9 (RLIN) 652
650 #4 - PUNTO DE ACCESO ADICIONAL DE MATERIA--TÉRMINO DE MATERIA
Término de materia o nombre geográfico como elemento de entrada Socialismo y arte
9 (RLIN) 9148
650 #4 - PUNTO DE ACCESO ADICIONAL DE MATERIA--TÉRMINO DE MATERIA
Término de materia o nombre geográfico como elemento de entrada Socialismo y arte
Subdivisión general Historia
9 (RLIN) 9149
700 1# - PUNTO DE ACCESO ADICIONAL--NOMBRE DE PERSONA
Nombre de persona Peralta, Pedro ;
Término indicativo de función/relación tr.
9 (RLIN) 9150
700 ## - PUNTO DE ACCESO ADICIONAL--NOMBRE DE PERSONA
Nombre de persona Engels, Federico,
Fechas asociadas al nombre 1820-1895
9 (RLIN) 60043
830 #0 - PUNTO DE ACCESO ADICIONAL DE SERIE-TÍTULO UNIFORME
Título uniforme Biblioteca de Cultura Integral
9 (RLIN) 9152
Holdings
Estado de retiro Estado de pérdida Restricciones de uso No para préstamo Código de colección Localización permanente Ubicación/localización actual Ubicación en estantería Fecha de adquisición Número de inventario Total de préstamos Signatura topográfica completa Código de barras Fecha visto por última vez Precio válido a partir de Tipo de ítem Koha
    Préstamo interno   Monografías: Libros y Folletos General General En catalogación 04.07.2009 LF1   701 M392s 2879-10 25.06.2020 25.06.2020 Préstamo interno

Powered by Koha